000 00523nam a22001817a 4500
003 OSt
005 20171020210617.0
008 131022b xxu||||| |||| 00| 0 eng d
020 _a8-1899-1510-x
040 _aLDCLIB
_cLDCLIB
082 _221
_a341.48
_bHUM
245 _aHuman Rights :
_bconcept. Issue. emerging problems /
_cedited by suresh kumar soni.
260 _aNew Delhi :
_bRegal publications,
_c2007.
300 _avi, 180 p. ;
_b22 cm.
500 _aIncludes Index
650 _aHuman rights
942 _2ddc
_cBK
999 _c5797
_d5797